[Event "Botvinnik Cup 2018"]
[Site "Moscow"]
[Date "2018.08.10"]
[Round "2"]
[White "Khusnutdinov, Rustam"]
[Black "Omonova, Umida"]
[Result "1-0"]
[WhiteElo "2470"]
[BlackElo "1762"]
[Annotator "TA"]
[PlyCount "71"]
[EventDate "2018.08.10"]
[EventCountry "RUS"]
[SourceTitle "playchess.com"]
[Source "ChessBase"]
[SourceQuality "1"]

{[%evp 16,71,62,36,63,54,71,37,150,26,26,20,26,26,26,24,24,24,24,26,24,23,52,39,77,83,137,105,140,143,120,34,50,29,140,14,23,0,154,137,153,145,155,137,230,234,204,214,399,402,376,392,5665,1277,1143,470,477,472]} 1. e4 c5 2. Nc3 Nc6 3. Bb5 g6 4. Bxc6 dxc6 5. f4 Bg7 6. Nf3 Nf6 7. O-O O-O 8. d3 b6 {B21: Sicilian: 2 f4 and Morra Gambit} 9. Qe1 {LiveBook: 20 Games} a5 10. Qh4 e6 $146 {[#]White is slightly better.} ({Predecessor:} 10... b5 11. f5 Nd7 12. Ng5 h6 13. fxg6 Bd4+ 14. Kh1 fxg6 15. Nf3 h5 16. Bh6 {1-0 (24) Shabanov,Y (2431)-Rudnik,H (2157) Dresden 2004}) 11. f5 $1 {[%mdl 512]} Nd7 (11... exf5 $14 12. Bg5 h6 13. Bxh6 fxe4 14. Bxg7 Kxg7 15. dxe4 (15. Nxe4 Nxe4 16. Qxe4 Be6 $14) 15... Nh5) 12. Qg3 (12. Bg5 $16 f6 13. fxg6 hxg6 14. Be3) 12... exf5 $11 13. exf5 Ne5 14. Nxe5 Qd4+ 15. Kh1 Bxe5 16. Bf4 $36 {[%mdl 2048] White is pushing.} Bg7 17. Be3 Qe5 18. fxg6 hxg6 19. Bf4 Qh5 20. Rae1 Be6 (20... Bf5 $142) 21. Be5 $1 $16 Rfe8 22. Bxg7 Kxg7 23. Re5 (23. Ne4 $16 {aiming for Nf6.} Bf5 24. Nd6 Rxe1 25. Qxe1) 23... Qg4 $1 $14 24. Qf2 Bf5 (24... f5 $11 {remains equal.}) 25. Qe3 ({White has to play} 25. h3 $1 $16 Qh5 26. Qg3 Rxe5 27. Qxe5+ Kg8 28. Na4) 25... Kf8 $1 $11 26. Re1 Re6 $2 (26... Rxe5 $1 $11 27. Qxe5 Qd4) 27. Qh6+ $16 Ke7 28. Rxe6+ $1 Bxe6 {[#]} 29. Ne4 $1 Re8 {[#]} (29... Rd8 $16) 30. h3 $1 $18 {[%cal Rh3g4]} Qf5 31. Qh4+ f6 $2 (31... g5 {was called for.} 32. Qxg5+ (32. Nxg5 Kd7 $16) 32... Qxg5 33. Nxg5 Rd8 34. Nxe6 fxe6) 32. Qh7+ Kd8 33. Qb7 {Hoping for Nd6.} Qh5 $2 (33... Qe5 34. Qxc6 Ke7 35. Qxb6 Kf8) 34. Qxb6+ (34. Nxf6 $142 Qf5 35. Qb8+ Ke7 36. Nxe8) 34... Ke7 35. Qxc5+ (35. Nxc5 $142 Kf7 36. Nxe6) 35... Qxc5 36. Nxc5 {Precision: White = 49%, Black = 32%.} 1-0

[Event "Botvinnik Cup 2018"]
[Site "Moscow"]
[Date "2018.08.10"]
[Round "2"]
[White "Khusenkhojaev, Muhammad"]
[Black "Garifullina, Leya"]
[Result "1-0"]
[WhiteElo "2434"]
[BlackElo "2106"]
[Annotator "TA"]
[PlyCount "131"]
[EventDate "2018.08.10"]
[EventCountry "RUS"]
[SourceTitle "playchess.com"]
[Source "ChessBase"]
[SourceQuality "1"]

{[%evp 26,131,8,5,19,13,18,24,25,33,34,21,21,21,21,28,10,11,12,12,14,15,12,15,14,5,12,12,16,4,14,16,28,18,18,8,12,18,20,12,17,10,20,15,14,11,14,6,22,-8,23,25,27,15,34,39,39,15,21,20,20,7,35,11,15,9,10,0,16,7,25,18,204,201,200,203,330,334,329,309,304,267,892,901,843,817,963,843,1329,1299,1183,1270,1063,890,6382,6102,5269,5206,29983,29984,29984,29979,29979,29980,29980,29981,29981,29982]} 1. Nf3 d5 2. d4 Nf6 3. c4 e6 4. Nc3 c6 5. e3 Nbd7 6. Qc2 Bd6 7. Bd3 O-O 8. O-O e5 9. cxd5 cxd5 10. Nb5 {D46: Semi-Slav: 5 e3 Nbd7 6 Bd3, Black avoids the Meran} Bb8 11. dxe5 Nxe5 12. Nxe5 Bxe5 13. Bd2 a6 14. Bc3 {LiveBook: 6 Games} Bxc3 15. Nxc3 d4 16. Ne4 Ng4 17. exd4 Qxd4 {[#]} 18. Rad1 $146 {Strongly threatening h3.} Qe5 {[%csl Gg4][%cal Re5h2]} 19. Ng3 {aiming for Rfe1.} Nf6 20. Rfe1 Qa5 21. Bc4 Qc7 22. Rc1 b5 23. Bb3 Qxc2 24. Rxc2 Ra7 25. f3 Rd8 26. Rec1 Bd7 27. Kf2 Kf8 28. Rd2 Rb8 29. Ne2 a5 30. Nd4 a4 31. Bd1 Rab7 32. Rc5 g6 33. Be2 h5 34. Rdc2 Rb6 35. Nc6 R8b7 36. Nb4 Rd6 37. a3 Kg7 38. Ke1 Re6 39. Rd2 Be8 40. Kf2 Reb6 41. h3 Bd7 42. Rd4 Be6 43. Rc6 Nd7 44. f4 Nf6 45. Bf3 Rxc6 46. Bxc6 Rb6 47. Rd8 Bc4 48. Ke3 Nh7 $2 {[#]} (48... Ng8 $11) 49. Kd4 $1 $18 Nf8 {White must now prevent ...Ne6+.} 50. Kc5 Ne6+ (50... Rxc6+ $142 51. Kxc6 Ne6) 51. Kxb6 Nxd8 52. Bxb5 {[%mdl 4096] Endgame KBN-KBN} Bb3 53. Nd3 h4 $2 (53... Ne6 54. g3 Kf6) 54. Nc5 Bd5 55. Kc7 Bxg2 56. Kxd8 Bxh3 57. Bc6 Bf1 58. Nxa4 h3 {[#]} 59. Nc3 $1 Bg2 60. Bxg2 hxg2 {KN-K3P} 61. Ne2 f5 62. a4 {[%cal Ba3a4,Ba4a5,Ba5a6][%mdl 32] White mates.} g5 63. fxg5 f4 64. Ng1 Kg6 65. a5 Kxg5 66. a6 {Precision: White = 52%, Black = 45%.} 1-0

[Event "Botvinnik Cup 2018"]
[Site "Moscow"]
[Date "2018.08.10"]
[Round "2"]
[White "Khusenkhojaev, Muhammad"]
[Black "Tsvetkov, Andrey"]
[Result "0-1"]
[WhiteElo "2434"]
[BlackElo "2297"]
[Annotator "TA"]
[PlyCount "74"]
[EventDate "2018.08.10"]
[EventCountry "RUS"]
[SourceTitle "playchess.com"]
[Source "ChessBase"]
[SourceQuality "1"]

{[%evp 14,74,0,-10,27,-23,-23,-22,-22,-28,-31,-39,-27,-48,-19,-31,-24,-28,-20,-81,-81,-164,-155,-153,-150,-190,-185,-184,-140,-144,-139,-139,-137,-133,-100,-101,-102,-108,-102,-106,-101,-104,-96,-107,-98,-151,-150,-265,-229,-496,-216,-493,-494,-499,-490,-472,-479,-470,-467,-610,-602,-642,-640]} 1. Nf3 d5 2. g3 c6 3. Bg2 Bg4 4. c4 e6 5. O-O Nf6 6. Qb3 Qb6 {A11: English Opening: 1...c6} 7. d3 (7. Qc2 Nbd7 8. d3 dxc4 9. dxc4 Bf5 10. Qb3 Bc5 11. Nc3 O-O 12. Na4 Qxb3 13. axb3 Bb4 14. Nd4 {1-0 (44) Svidler,P (2760)-Andreikin,D (2712) Moscow 2018}) 7... Nbd7 8. Be3 {LiveBook: 23 Games} dxc4 {The position is equal.} 9. dxc4 $146 (9. Qxc4 {with more complications.} Bc5 10. Bxc5 Qxc5 11. Qxc5 Nxc5 12. Nbd2) ({Predecessor:} 9. Qxc4 Qxb2 10. Nbd2 Bxf3 11. Rab1 Qa3 12. Nxf3 Nb6 13. Bxb6 axb6 14. Rxb6 Ra4 {1-0 (85) Chirila,I (2526)-Barbosa,O (2515) Atlantic City 2016}) 9... Bc5 10. Bxc5 Nxc5 11. Qa3 a5 12. Nbd2 O-O 13. h3 Bh5 14. Qe3 Rfd8 15. Rfd1 a4 16. Ne5 (16. b3 $11) 16... Qxb2 $17 17. Rab1 (17. g4 $17 {is a better defense.} Bg6 18. Qxc5 Rxd2 19. Rxd2 Qxd2 20. Qb6) 17... Qd4 18. Qxd4 Rxd4 19. Ndf3 Rxd1+ 20. Rxd1 Bxf3 21. Bxf3 Kf8 22. Kf1 Ke7 23. Ke1 Nfd7 24. Nxd7 Nxd7 {[%mdl 4096] Endgame KRB-KRN} 25. Kd2 a3 26. Kc3 Ra4 27. e3 Nc5 28. Rb1 Ra8 29. Bd1 {[#]} (29. Be2 $142) 29... Ne4+ $1 30. Kd4 {[#]} (30. Kc2 $17 {keeps fighting.}) 30... f5 $1 $19 {aiming for ...Kf6.} ({Not} 30... Nxf2 31. Rxb7+ Kf6 32. Bc2 $17) 31. Bc2 $2 (31. Ke5 Ra5+ 32. Kd4) 31... Rd8+ 32. Ke5 Nc5 {Black is clearly winning.} 33. g4 Rd2 34. Rc1 Rxf2 35. gxf5 exf5 36. Bxf5 Rxa2 37. Bxh7 Rg2 {Precision: White = 48%, Black = 83%.} 0-1

[Event "Botvinnik Cup 2018"]
[Site "Moscow"]
[Date "2018.08.10"]
[Round "2"]
[White "Sevdimaliyev, Urfan"]
[Black "Lomaia, Diana"]
[Result "1/2-1/2"]
[WhiteElo "2388"]
[BlackElo "1851"]
[Annotator "NA"]
[PlyCount "141"]
[EventDate "2018.08.10"]
[EventCountry "RUS"]
[SourceTitle "playchess.com"]
[Source "ChessBase"]
[SourceQuality "1"]
[TimeControl "5400+30"]

1. d4 {[%emt 0:00:20]} Nf6 {[%emt 0:00:00]} 2. Nf3 {[%emt 0:00:19]} g6 {[%emt 0:00:00]} 3. Bg5 {[%emt 0:00:32]} Bg7 {[%emt 0:00:00]} 4. Nbd2 {[%emt 0:00:11]} O-O {[%emt 0:00:27]} 5. c3 {[%emt 0:00:22]} d6 {[%emt 0:01:07]} 6. e4 {[%emt 0:01:46]} h6 {[%emt 0:03:36]} 7. Bh4 {[%emt 0:02:46]} c5 {[%emt 0:02:34]} 8. dxc5 {[%emt 0:01:03]} dxc5 {[%emt 0:00:27]} 9. Bc4 {[%emt 0:00:09]} Nc6 {[%emt 0:01:09]} 10. Qe2 {[%emt 0:00:46]} a6 {[%emt 0:03:51]} 11. a4 {[%emt 0:01:08]} Ng4 {[%emt 0:06:09]} 12. O-O {[%emt 0:02:34]} Nge5 {[%emt 0:01:11]} 13. Nxe5 {[%emt 0:00:18]} Nxe5 {[%emt 0:00:06]} 14. Bd5 {[%emt 0:01:36]} Qc7 {[%emt 0:11:51]} 15. f4 {[%emt 0:01:17]} e6 {[%emt 0:03:19]} 16. Ba2 {[%emt 0:01:04]} Nc6 {[%emt 0:00:56]} 17. e5 {[%emt 0:02:43]} Ne7 {[%emt 0:03:11]} 18. Ne4 {[%emt 0:01:48]} Nf5 {[%emt 0:02:27]} 19. Bf6 {[%emt 0:05:46]} b5 {[%emt 0:02:11]} 20. Qf2 {[%emt 0:07:14]} c4 {[%emt 0:01:42]} 21. Bb1 {[%emt 0:08:46]} Bb7 {[%emt 0:04:47]} 22. Bc2 {[%emt 0:00:29]} Rfb8 {[%emt 0:03:05]} 23. Rfd1 {[%emt 0:04:49]} Bd5 {[%emt 0:02:53]} 24. Bxg7 {[%emt 0:02:48]} Kxg7 {[%emt 0:00:25]} 25. Nf6 {[%emt 0:02:36]} Ne7 {[%emt 0:02:31]} 26. axb5 {[%emt 0:03:57]} axb5 {[%emt 0:03:00]} 27. Rxa8 {[%emt 0:02:04]} Rxa8 {[%emt 0:00:19]} 28. Qh4 {[%emt 0:02:50]} Qb6+ {[%emt 0:02:48]} 29. Kh1 {[%emt 0:00:43]} Qb7 {[%emt 0:01:02]} 30. Nxd5 {[%emt 0:05:48]} Nxd5 {[%emt 0:01:23]} 31. Be4 {[%emt 0:02:00]} Qa6 {[%emt 0:11:51]} 32. Bxd5 {[%emt 0:03:23]} exd5 {[%emt 0:00:12]} 33. h3 {[%emt 0:13:57]} Qe6 {[%emt 0:02:00]} 34. Qf2 {[%emt 0:00:21]} Ra2 {[%emt 0:00:40]} 35. Rd2 {[%emt 0:01:20]} Qf5 {[%emt 0:03:16]} 36. Qd4 {[%emt 0:02:13]} Kh7 {[%emt 0:04:12]} 37. Rf2 {[%emt 0:01:42]} Qe4 {[%emt 0:06:55]} 38. Qxe4 {[%emt 0:03:08]} dxe4 {[%emt 0:00:07]} 39. Re2 {[%emt 0:01:22]} b4 {[%emt 0:05:08]} 40. Rxe4 {[%emt 0:00:43]} Rxb2 {[%emt 0:00:11]} 41. Rxc4 {[%emt 0:00:18]} bxc3 {[%emt 0:00:33]} 42. Rxc3 {[%emt 0:00:02]} Rb4 {[%emt 0:00:09]} 43. Rf3 {[%emt 0:00:23]} Rb5 {[%emt 0:02:20]} 44. Kh2 {[%emt 0:01:50]} Kg7 {[%emt 0:00:04]} 45. Re3 {[%emt 0:04:26]} h5 {[%emt 0:01:28]} 46. Kg3 {[%emt 0:00:55]} Rb4 {[%emt 0:00:12]} 47. Kf3 {[%emt 0:00:25]} Rb1 {[%emt 0:00:36]} 48. g4 {[%emt 0:00:42]} Rf1+ {[%emt 0:01:12]} 49. Kg3 {[%emt 0:01:00]} h4+ {[%emt 0:00:51]} 50. Kxh4 {[%emt 0:00:34]} Rxf4 {[%emt 0:00:04]} 51. Kg5 {[%emt 0:02:13]} Rb4 {[%emt 0:00:39]} 52. h4 {[%emt 0:00:26]} Rb5 {[%emt 0:00:18]} 53. Kf4 {[%emt 0:00:10]} Rb4+ {[%emt 0:00:32]} 54. Re4 {[%emt 0:00:07]} Rb1 {[%emt 0:00:19]} 55. Kg5 {[%emt 0:01:13]} Rb5 {[%emt 0:00:34]} 56. Kf4 {[%emt 0:00:11]} Rb1 {[%emt 0:00:02]} 57. Rc4 {[%emt 0:00:35]} Rf1+ {[%emt 0:02:05]} 58. Kg5 {[%emt 0:00:28]} Re1 {[%emt 0:00:09]} 59. Rc5 {[%emt 0:00:37]} Re2 {[%emt 0:00:56]} 60. Kf4 {[%emt 0:00:33]} Rf2+ {[%emt 0:00:20]} 61. Ke3 {[%emt 0:02:03]} Rh2 {[%emt 0:00:29]} 62. Rc7 {[%emt 0:00:14]} Kg8 {[%emt 0:02:11]} 63. Kf4 {[%emt 0:00:36]} Rxh4 {[%emt 0:01:01]} 64. Kg5 {[%emt 0:00:13]} Rh1 {[%emt 0:00:11]} 65. e6 {[%emt 0:00:15]} fxe6 {[%emt 0:00:42]} 66. Kxg6 {[%emt 0:00:04]} Kf8 {[%emt 0:00:13]} 67. g5 {[%emt 0:00:34]} e5 {[%emt 0:00:58]} 68. Rc8+ {[%emt 0:01:15]} Ke7 {[%emt 0:00:03]} 69. Kg7 {[%emt 0:00:08]} e4 {[%emt 0:01:04]} 70. Rc4 {[%emt 0:02:45]} Ke6 {[%emt 0:00:26]} 71. Rxe4+ {[%emt 0:00:03]} 1/2-1/2

[Event "Botvinnik Cup 2018"]
[Site "Moscow"]
[Date "2018.08.10"]
[Round "2"]
[White "Sevdimaliyev, Urfan"]
[Black "Naqopia, Giorgi"]
[Result "1-0"]
[WhiteElo "2388"]
[BlackElo "1857"]
[Annotator "NA"]
[PlyCount "55"]
[EventDate "2018.08.10"]
[EventCountry "RUS"]
[SourceTitle "playchess.com"]
[Source "ChessBase"]
[SourceQuality "1"]
[TimeControl "5400+30"]

1. d4 {[%emt 0:00:00]} d5 {[%emt 0:00:00]} 2. Nf3 {[%emt 0:00:00]} Nf6 {[%emt 0:00:04]} 3. Bg5 {[%emt 0:00:37]} Nbd7 {[%emt 0:00:31]} 4. Nbd2 {[%emt 0:00:18]} e6 {[%emt 0:01:05]} 5. e3 {[%emt 0:02:30]} Be7 {[%emt 0:00:07]} 6. Bd3 {[%emt 0:00:26]} O-O {[%emt 0:00:21]} 7. c3 {[%emt 0:03:31]} c5 {[%emt 0:00:26]} 8. Ne5 {[%emt 0:01:38]} Nxe5 {[%emt 0:01:08]} 9. dxe5 {[%emt 0:00:05]} Nd7 {[%emt 0:00:03]} 10. Bxe7 {[%emt 0:00:21]} Qxe7 {[%emt 0:00:03]} 11. f4 {[%emt 0:00:07]} f6 {[%emt 0:04:40]} 12. exf6 {[%emt 0:00:44]} Nxf6 {[%emt 0:00:02]} 13. Nf3 {[%emt 0:00:13]} Bd7 {[%emt 0:44:59]} 14. O-O {[%emt 0:18:29]} Bc6 {[%emt 0:00:39]} 15. Qe1 {[%emt 0:05:55]} Rad8 {[%emt 0:03:27]} 16. Qh4 {[%emt 0:00:31]} g6 {[%emt 0:05:19]} 17. Ne5 {[%emt 0:05:10]} d4 {[%emt 0:02:01]} 18. cxd4 {[%emt 0:04:15]} cxd4 {[%emt 0:00:13]} 19. e4 {[%emt 0:09:04]} Qe8 {[%emt 0:04:47]} 20. Nxc6 {[%emt 0:09:38]} Qxc6 {[%emt 0:01:44]} 21. Rac1 {[%emt 0:01:08]} Qb6 {[%emt 0:00:01]} 22. b3 {[%emt 0:01:05]} Kg7 {[%emt 0:01:46]} 23. Rf3 {[%emt 0:07:01]} Qa5 {[%emt 0:14:17]} 24. f5 {[%emt 0:07:02]} Qe5 {[%emt 0:05:12]} 25. fxe6 {[%emt 0:01:54]} Qxe6 {[%emt 0:01:02]} 26. Rcf1 {[%emt 0:01:31]} Qg4 {[%emt 0:01:46]} 27. Qf2 {[%emt 0:01:05]} Nxe4 {[%emt 0:02:27]} 28. Bxe4 {[%emt 0:02:38]} 1-0

[Event "Botvinnik Cup 2018"]
[Site "Moscow"]
[Date "2018.08.10"]
[Round "2"]
[White "Ahmadzada, Ahmad"]
[Black "Paichadze, Luka"]
[Result "0-1"]
[WhiteElo "2342"]
[BlackElo "2564"]
[Annotator "TA"]
[PlyCount "146"]
[EventDate "2018.08.10"]
[EventCountry "RUS"]
[SourceTitle "playchess.com"]
[Source "ChessBase"]
[SourceQuality "1"]

{[%evp 21,146,11,29,27,15,-4,0,0,0,0,0,0,1,-11,-11,-18,-6,-6,0,-3,0,0,0,0,0,-8,0,0,0,0,0,-22,0,-20,0,-28,0,-2,0,-22,-21,-113,-37,-83,-97,-104,-15,-43,-16,-31,-2,-53,-54,-121,-118,-153,-152,-261,-240,-257,-61,-149,-124,-211,-64,-93,-41,-58,-29,-28,-29,-22,0,0,0,0,-8,-36,0,-44,-48,-47,-39,-102,-91,-106,-88,-116,-115,-115,-116,-141,-149,-256,-95,-227,-211,-227,-209,-218,-213,-355,-342,-288,-295,-446,-412,-383,-348,-351,-348,-343,-345,-341,-327,-601,-565,-546,-514,-717,-658,-12823,-2545,-12841,-12841,-12842,-12842]} 1. e4 c6 2. d4 d5 3. Nd2 dxe4 4. Nxe4 Bf5 5. Ng3 Bg6 6. Nf3 e6 7. Bd3 Nf6 8. O-O Nbd7 9. c4 Be7 10. b3 {B18: Classical Caro-Kann: 4...Bf5 sidelines} (10. Bf4 O-O 11. Re1 Re8 12. Bxg6 hxg6 13. Qc2 a5 14. Rad1 a4 15. Ne5 Qa5 16. Bd2 Qa6 17. Bg5 Rad8 18. h4 Qa5 19. Qe2 Bb4 20. Rf1 Be7 {½-½ (36) Lagno,K (2530)-Vitiugov,N (2724) Caleta 2017}) 10... O-O 11. Bb2 a5 {LiveBook: 5 Games} 12. Bxg6 {White has an edge.} hxg6 13. Ne5 a4 14. Bc3 $146 ({Predecessor:} 14. Qc2 Qc7 15. Nxd7 Qxd7 16. Rad1 axb3 17. axb3 Qc7 {1-0 (41) Usleber,H (2038)-Heinig,W (2329) Lienz 2013}) 14... axb3 15. axb3 Rxa1 16. Qxa1 Qb6 17. Nxd7 Nxd7 18. Qb2 $1 Ra8 19. Ne4 Nf6 20. Nd2 Ba3 21. Qa2 Ra6 22. Qc2 Bb4 23. g3 Bxc3 (23... g5 {looks sharper.} 24. c5 Qb5 25. Nc4 Bxc3 26. Qxc3 Nd5) 24. Qxc3 Qa5 25. Qxa5 Rxa5 $11 {[%mdl 4096] Endgame KRN-KRN} 26. Rd1 Ra2 27. Kf1 Kf8 28. Ke2 Ke7 29. f3 g5 30. Ke3 g4 31. Kf4 (31. Kd3 $11) 31... gxf3 (31... Rc2 $17) 32. Nxf3 Rb2 33. Rd3 {[#]} Nd7 (33... c5 $1 $17 {[%mdl 512]} 34. h3 (34. dxc5 Nd7) 34... cxd4 35. Nxd4 Nd7) 34. Re3 f6 35. h4 b5 36. Kg4 (36. g4 $11) 36... Nb6 $15 37. d5 (37. Rc3 $15) 37... cxd5 $17 38. Nd4 e5 39. Nf5+ (39. Nxb5 $17 dxc4 40. bxc4) 39... Kf8 $19 40. cxd5 Rd2 $2 (40... Nxd5 41. Rd3 $11) (40... g6 $19 41. Nd6 Ke7) 41. Rc3 {[#]} ({White should try} 41. h5 $1 $15) 41... g6 $1 $17 {[%cal Rg6f5]} ({Much less strong is} 41... Nxd5 42. Rc8+ Kf7 43. h5 $17) ({Don't take} 41... Rxd5 42. Rc6 $15) 42. Nd6 (42. Ne3 $17 {might work better.}) 42... Rxd5 (42... Nxd5 $19 43. Rc5 b4) 43. Rc6 $15 Nd7 (43... Rd4+ $17 44. Kf3 Nd5 45. Nxb5 Rb4) 44. h5 $1 {[%cal Rh5g6] [#]} e4 $1 {[%mdl 512] White must now prevent ...Ne5+.} 45. Kf4 (45. Nxe4 Ne5+) 45... Rxh5 46. Nxe4 Rf5+ 47. Ke3 Ke7 48. Rc7 Kd8 49. Ra7 Rd5 50. Nc3 Re5+ 51. Kd4 Nc5 52. Nxb5 (52. b4 $15 Ne6+ 53. Kd3) 52... Nxb3+ $17 53. Kc4 Nd2+ 54. Kb4 Ne4 55. Nd4 Ke8 56. Nc6 Re6 57. Kb5 (57. Nd4 $17 Re7 58. Ra3) 57... Kf8 $2 (57... Nxg3 $19 {Hoping for ...g5.} 58. Kc5 Kf8) 58. Ra3 (58. g4 $17) 58... f5 $19 59. Nd4 Re5+ 60. Kc4 Kg7 61. Ne2 (61. Ra6 {was worth a try.}) 61... Nd2+ 62. Kd3 Nf1 {And now ...Re3+ would win.} 63. Ra7+ (63. Ra2 $142) 63... Kh6 64. Nf4 Re3+ 65. Kd4 Re4+ ({Weaker is} 65... Rxg3 66. Ra6 $19) 66. Kd5 {intending Ra6.} Nxg3 67. Ne6 {If only White now had time for Ra8....} Nh5 68. Kd6 $2 (68. Nf8) 68... g5 {Black is clearly winning.} 69. Ra8 Ng7 70. Rh8+ Kg6 71. Nf8+ Kf7 72. Nh7 Ne6 73. Kd5 Kg7 {Precision: White = 27%, Black = 57%.} 0-1

[Event "Botvinnik Cup 2018"]
[Site "Moscow"]
[Date "2018.08.10"]
[Round "2"]
[White "Egin, Vladimir"]
[Black "Igen, Amir"]
[Result "1/2-1/2"]
[WhiteElo "2317"]
[BlackElo "1778"]
[Annotator "NA"]
[PlyCount "140"]
[EventDate "2018.08.10"]
[EventCountry "RUS"]
[SourceTitle "playchess.com"]
[Source "ChessBase"]
[SourceQuality "1"]
[TimeControl "5400+30"]

1. e4 {[%emt 0:00:00]} e6 {[%emt 0:00:00]} 2. d4 {[%emt 0:00:00]} d5 {[%emt 0:00:03]} 3. Nd2 {[%emt 0:00:00]} c5 {[%emt 0:00:10]} 4. exd5 {[%emt 0:00:00]} exd5 {[%emt 0:00:18]} 5. Ngf3 {[%emt 0:00:00]} Nc6 {[%emt 0:00:21]} 6. Bb5 {[%emt 0:00:00]} Nf6 {[%emt 0:00:20]} 7. O-O {[%emt 0:00:12]} Be7 {[%emt 0:00:18]} 8. dxc5 {[%emt 0:00:04]} O-O {[%emt 0:00:16]} 9. Nb3 {[%emt 0:00:20]} Bg4 {[%emt 0:00:30]} 10. Be2 {[%emt 0:00:20]} Ne4 {[%emt 0:00:22]} 11. Be3 {[%emt 0:00:08]} Rc8 {[%emt 0:17:29]} 12. c3 {[%emt 0:04:01]} Qd7 {[%emt 0:05:37]} 13. Ne1 {[%emt 0:10:23]} Be6 {[%emt 0:02:00]} 14. f3 {[%emt 0:00:42]} Nf6 {[%emt 0:00:39]} 15. Qd2 {[%emt 0:00:43]} Ne5 {[%emt 0:01:48]} 16. Bd4 {[%emt 0:01:41]} Nc4 {[%emt 0:02:37]} 17. Qc2 {[%emt 0:00:12]} Qc7 {[%emt 0:02:45]} 18. Nd3 {[%emt 0:01:01]} Nd7 {[%emt 0:01:11]} 19. Rfe1 {[%emt 0:01:28]} Bh4 {[%emt 0:06:25]} 20. Rf1 {[%emt 0:01:36]} Bg5 {[%emt 0:07:43]} 21. f4 {[%emt 0:00:43]} Bf6 {[%emt 0:00:58]} 22. f5 {[%emt 0:00:54]} Bxf5 {[%emt 0:01:16]} 23. Rxf5 {[%emt 0:00:39]} Bxd4+ {[%emt 0:00:05]} 24. Nxd4 {[%emt 0:02:17]} Ne3 {[%emt 0:00:55]} 25. Qd2 {[%emt 0:00:35]} Nxf5 {[%emt 0:00:09]} 26. Nxf5 {[%emt 0:00:02]} Nxc5 27. Nxc5 {[%emt 0:00:40]} Qxc5+ {[%emt 0:00:56]} 28. Kh1 {[%emt 0:00:14]} h6 {[%emt 0:16:08]} 29. Qf4 {[%emt 0:02:13]} Rc6 {[%emt 0:08:44]} 30. Qe5 {[%emt 0:03:01]} Rf6 {[%emt 0:03:11]} 31. Bd3 {[%emt 0:03:47]} Kh8 {[%emt 0:07:19]} 32. Rf1 {[%emt 0:02:51]} Qc6 {[%emt 0:11:12]} 33. Re1 {[%emt 0:02:35]} Qc8 {[%emt 0:04:06]} 34. h3 {[%emt 0:01:19]} Qb8 {[%emt 0:00:21]} 35. Qd4 {[%emt 0:01:35]} Re8 {[%emt 0:00:30]} 36. Rxe8+ {[%emt 0:00:37]} Qxe8 {[%emt 0:00:02]} 37. Qxd5 {[%emt 0:00:14]} Re6 {[%emt 0:00:34]} 38. Qd4 {[%emt 0:01:47]} Re1+ {[%emt 0:00:09]} 39. Kh2 {[%emt 0:00:03]} Qb8+ {[%emt 0:00:15]} 40. g3 {[%emt 0:00:43]} Qe5 {[%emt 0:00:07]} 41. Qd8+ {[%emt 0:03:47]} Qe8 {[%emt 0:00:07]} 42. Qxe8+ {[%emt 0:00:09]} Rxe8 {[%emt 0:00:05]} 43. Kg2 {[%emt 0:00:15]} g6 {[%emt 0:02:03]} 44. Nxh6 {[%emt 0:03:35]} f5 {[%emt 0:00:15]} 45. Nf7+ {[%emt 0:00:38]} Kg7 {[%emt 0:00:06]} 46. Ng5 {[%emt 0:00:05]} Kf6 {[%emt 0:01:45]} 47. h4 {[%emt 0:05:15]} Rd8 {[%emt 0:00:08]} 48. Bc4 {[%emt 0:01:37]} Rd2+ {[%emt 0:00:12]} 49. Kf3 {[%emt 0:00:27]} Rxb2 {[%emt 0:00:09]} 50. Bb3 {[%emt 0:00:46]} a5 {[%emt 0:00:39]} 51. c4 {[%emt 0:08:01]} Rh2 {[%emt 0:01:24]} 52. Nh3 {[%emt 0:03:39]} a4 {[%emt 0:00:44]} 53. Bxa4 {[%emt 0:00:42]} Rxa2 {[%emt 0:00:05]} 54. Bb5 {[%emt 0:00:06]} Ra3+ {[%emt 0:00:04]} 55. Kf4 {[%emt 0:02:24]} Ra2 {[%emt 0:00:12]} 56. Ng5 {[%emt 0:01:12]} Rf2+ {[%emt 0:01:40]} 57. Nf3 {[%emt 0:01:03]} Rf1 {[%emt 0:00:29]} 58. Ke3 {[%emt 0:00:36]} Ra1 {[%emt 0:00:30]} 59. Nd4 {[%emt 0:03:22]} Ke5 {[%emt 0:00:28]} 60. Nf3+ {[%emt 0:00:40]} Kf6 {[%emt 0:00:22]} 61. Ng5 {[%emt 0:01:46]} Ra3+ {[%emt 0:00:39]} 62. Kf4 {[%emt 0:00:10]} Ra1 {[%emt 0:00:07]} 63. Bd7 {[%emt 0:00:28]} Rc1 {[%emt 0:00:08]} 64. Be6 {[%emt 0:00:14]} Rf1+ {[%emt 0:00:12]} 65. Ke3 {[%emt 0:00:42]} Re1+ {[%emt 0:00:56]} 66. Kf4 {[%emt 0:02:55]} Rf1+ {[%emt 0:00:41]} 67. Ke3 {[%emt 0:00:08]} Re1+ {[%emt 0:00:16]} 68. Kf4 {[%emt 0:02:44]} Rf1+ {[%emt 0:00:04]} 69. Ke3 {[%emt 0:00:14]} Re1+ {[%emt 0:00:02]} 70. Kf4 {[%emt 0:00:48]} Rf1+ {[%emt 0:00:07]} 1/2-1/2